000 006840000a22002290004500
003 LK-CoMWRAF
005 20231207105535.0
008 230817t2002 ||||| |||| 00| 0 eng d
020 _a014302907x
040 _aLK-CoMWRAF
_dLK-CoMWRAF
_eLK-CoMWRAF
041 _aeng
082 _a824.914
_bROY
100 _aRoy, Arundhati
245 _aThe algebra of infinite Justice
260 _aNew Delhi:
_bPenguin books,
_c2002
300 _axxiv, 351 p. : maps ; 20 cm.
_bIndex included
650 _aNuclear weapons--Moral and ethical aspects--India.
650 _a War on Terrorism,
650 _aIndia--Politics and government-
650 _aIndia--Economic conditions
942 _cBK
999 _c649
_d649